000 00337nam a2200157Ia 4500
003 OSt
005 20240304151758.0
008 170523s9999 xx 000 0 und d
020 _a978-9352533138
040 _cIIMTU
100 _aSHUKLA- MC
245 0 _aADVANCED ACCOUNTS
260 _bSULTAN CHAND
260 _c2001
942 _2ddc
_c02
999 _c910
_d910